<?xml version="1.0" encoding="UTF-8"?>
<record
    xmlns:xsi="http://www.w3.org/2001/XMLSchema-instance"
    xsi:schemaLocation="http://www.loc.gov/MARC21/slim http://www.loc.gov/standards/marcxml/schema/MARC21slim.xsd"
    xmlns="http://www.loc.gov/MARC21/slim">

  <leader>01609nam1a22003971i 4500</leader>
  <controlfield tag="001">v19\rc\1813276</controlfield>
  <controlfield tag="005">20240726054917.0</controlfield>
  <datafield tag="035" ind1=" " ind2=" ">
    <subfield code="a">(NLR Aleph) 004912622</subfield>
  </datafield>
  <datafield tag="090" ind1=" " ind2=" ">
    <subfield code="a">5493399</subfield>
    <subfield code="c">5493399</subfield>
  </datafield>
  <datafield tag="100" ind1=" " ind2=" ">
    <subfield code="a">20071224e19061906|||y0rusy50      ca</subfield>
  </datafield>
  <datafield tag="101" ind1="1" ind2=" ">
    <subfield code="a">rus</subfield>
    <subfield code="c">fre</subfield>
  </datafield>
  <datafield tag="102" ind1=" " ind2=" ">
    <subfield code="a">RU</subfield>
  </datafield>
  <datafield tag="105" ind1=" " ind2=" ">
    <subfield code="a">y   z   |||||</subfield>
  </datafield>
  <datafield tag="200" ind1="1" ind2=" ">
    <subfield code="a">&#x418;&#x441;&#x442;&#x43E;&#x440;&#x438;&#x44F; &#x444;&#x440;&#x430;&#x43D;&#x446;&#x443;&#x437;&#x441;&#x43A;&#x43E;&#x439; &#x440;&#x435;&#x432;&#x43E;&#x43B;&#x44E;&#x446;&#x438;&#x438;</subfield>
    <subfield code="f">&#x418;&#x43F;&#x43F;&#x43E;&#x43B;&#x438;&#x442; &#x422;&#x44D;&#x43D;</subfield>
    <subfield code="g">&#x41F;&#x435;&#x440;. &#x441; &#x444;&#x440;. &#x41D;. &#x428;&#x435;&#x43C;&#x430;&#x440;&#x434;&#x438;&#x43D;&#x430;. &#x427;. 1-6</subfield>
  </datafield>
  <datafield tag="210" ind1=" " ind2=" ">
    <subfield code="a">&#x425;&#x430;&#x440;&#x44C;&#x43A;&#x43E;&#x432;</subfield>
    <subfield code="c">&#x436;&#x443;&#x440;&#x43D;. "&#x41C;&#x438;&#x440;&#x43D;. &#x442;&#x440;&#x443;&#x434;"</subfield>
    <subfield code="d">1906 (&#x43E;&#x431;&#x43B;. 1915)-1913 (&#x43E;&#x431;&#x43B;. 1915)</subfield>
  </datafield>
  <datafield tag="215" ind1=" " ind2=" ">
    <subfield code="a">6 &#x442;.</subfield>
    <subfield code="d">22</subfield>
  </datafield>
  <datafield tag="311" ind1=" " ind2=" ">
    <subfield code="a">&#x427;&#x430;&#x441;&#x442;&#x44C; &#x442;&#x438;&#x440;&#x430;&#x436;&#x430; &#x432;&#x44B;&#x445;&#x43E;&#x434;&#x438;&#x43B;&#x430; &#x43A;&#x430;&#x43A; &#x43F;&#x440;&#x438;&#x43B;. &#x43A; &#x436;&#x443;&#x440;&#x43D;. "&#x41C;&#x438;&#x440;&#x43D;. &#x442;&#x440;&#x443;&#x434;" &#x437;&#x430; 1906-1914 &#x433;&#x433;.</subfield>
  </datafield>
  <datafield tag="311" ind1=" " ind2=" ">
    <subfield code="a">&#x427;. 1-2 &#x43E;&#x442;&#x442;. &#x438;&#x437; &#x436;&#x443;&#x440;&#x43D;. "&#x41C;&#x438;&#x440;&#x43D;&#x44B;&#x439; &#x442;&#x440;&#x443;&#x434;" &#x437;&#x430; 1906-1907 &#x433;&#x433;.</subfield>
  </datafield>
  <datafield tag="316" ind1=" " ind2=" ">
    <subfield code="a">&#x42D;&#x43A;&#x437;. &#x420;&#x41D;&#x411; (2/943): &#x43F;&#x440;&#x438;&#x43F;&#x43B;&#x435;&#x442;&#x435;&#x43D; &#x43A; &#x436;&#x443;&#x440;&#x43D;...</subfield>
    <subfield code="5">NLR: 2/943</subfield>
  </datafield>
  <datafield tag="422" ind1=" " ind2="0">
    <subfield code="1">2001#$a&#x41C;&#x438;&#x440;&#x43D;&#x44B;&#x439; &#x442;&#x440;&#x443;&#x434;$v1906-1914</subfield>
    <subfield code="t">&#x41C;&#x438;&#x440;&#x43D;&#x44B;&#x439; &#x442;&#x440;&#x443;&#x434;</subfield>
  </datafield>
  <datafield tag="482" ind1=" " ind2="0">
    <subfield code="1">2001#$a&#x41C;&#x438;&#x440;&#x43D;&#x44B;&#x439; &#x442;&#x440;&#x443;&#x434;$v1906-1914</subfield>
    <subfield code="t">&#x41C;&#x438;&#x440;&#x43D;&#x44B;&#x439; &#x442;&#x440;&#x443;&#x434;</subfield>
  </datafield>
  <datafield tag="488" ind1=" " ind2="0">
    <subfield code="1">2001#$a&#x41C;&#x438;&#x440;&#x43D;&#x44B;&#x439; &#x442;&#x440;&#x443;&#x434;$v1906-1907</subfield>
    <subfield code="t">&#x41C;&#x438;&#x440;&#x43D;&#x44B;&#x439; &#x442;&#x440;&#x443;&#x434;</subfield>
  </datafield>
  <datafield tag="700" ind1=" " ind2="1">
    <subfield code="a">&#x422;&#x44D;&#x43D;</subfield>
    <subfield code="b">&#x418;.</subfield>
    <subfield code="f">1828-1893</subfield>
    <subfield code="g">&#x418;&#x43F;&#x43F;&#x43E;&#x43B;&#x438;&#x442;</subfield>
  </datafield>
  <datafield tag="702" ind1=" " ind2="1">
    <subfield code="a">&#x428;&#x435;&#x43C;&#x430;&#x440;&#x434;&#x438;&#x43D;</subfield>
    <subfield code="b">&#x41D;.</subfield>
    <subfield code="4">730</subfield>
  </datafield>
  <datafield tag="801" ind1=" " ind2="0">
    <subfield code="a">RU</subfield>
    <subfield code="b">NLR</subfield>
    <subfield code="g">psbo</subfield>
  </datafield>
  <datafield tag="801" ind1=" " ind2="0">
    <subfield code="a">RU</subfield>
    <subfield code="b">RuMoRGB</subfield>
    <subfield code="2">psbo</subfield>
  </datafield>
  <datafield tag="801" ind1=" " ind2="1">
    <subfield code="a">RU</subfield>
    <subfield code="b">ProSoft-M</subfield>
    <subfield code="2">rusmarc</subfield>
  </datafield>
  <datafield tag="852" ind1=" " ind2=" ">
    <subfield code="a">NLR</subfield>
    <subfield code="j">38.48.4.45</subfield>
  </datafield>
  <datafield tag="852" ind1=" " ind2=" ">
    <subfield code="a">NLR</subfield>
    <subfield code="j">2/943</subfield>
  </datafield>
  <datafield tag="899" ind1=" " ind2=" ">
    <subfield code="a">RuMoRGB (1, 3-6)</subfield>
    <subfield code="j">U 64/56 (&#x2116; 3-6)</subfield>
  </datafield>
  <datafield tag="899" ind1=" " ind2=" ">
    <subfield code="a">RuMoRGB (1, 3-6)</subfield>
    <subfield code="j">&#x420;&#x431; 6/1791 (&#x447;. 1)</subfield>
  </datafield>
  <datafield tag="899" ind1=" " ind2=" ">
    <subfield code="a">&#x411;&#x410;&#x41D;</subfield>
  </datafield>
  <datafield tag="899" ind1=" " ind2=" ">
    <subfield code="a">&#x41D;&#x411; &#x421;&#x41F;&#x431;&#x413;&#x423; (1)</subfield>
  </datafield>
  <datafield tag="899" ind1=" " ind2=" ">
    <subfield code="a">&#x413;&#x41F;&#x418;&#x411;</subfield>
  </datafield>
  <datafield tag="899" ind1=" " ind2=" ">
    <subfield code="a">&#x41D;&#x411; &#x41C;&#x413;&#x423; (1, 2)</subfield>
  </datafield>
  <datafield tag="942" ind1=" " ind2=" ">
    <subfield code="c">BOOK</subfield>
  </datafield>
</record>
